The theology of Nahmanides systematically presented /

Bibliographic Details
Main Author: Novak, David, 1941-
Format: Book
Language:English
Published: Atlanta, Ga. : Scholars Press, [1992]
Series:Brown Judaic studies ; no. 271.
Subjects:

MARC

Tag First Indicator Second Indicator Subfields
LEADER 00000cam a2200000 a 4500
001 in00001137708
005 20150930092929.0
008 921002s1992 gau b 001 0deng
010 |a  92035709  
020 |a 1555408028 (cloth) 
035 |a (OCoLC)26853778 
035 |9 AFY1716AM 
040 |a DLC  |c DLC  |d TXA  |d UtOrBLW 
049 |a TXAM 
050 0 0 |a BM755.M62  |b N68 1992 
082 0 0 |a 296.3  |2 20 
100 1 |a Novak, David,  |d 1941- 
245 1 4 |a The theology of Nahmanides systematically presented /  |c by David Novak. 
264 1 |a Atlanta, Ga. :  |b Scholars Press,  |c [1992] 
264 4 |c ©1992 
300 |a xiv, 149 pages ;  |c 24 cm. 
336 |a text  |b txt  |2 rdacontent 
337 |a unmediated  |b n  |2 rdamedia 
338 |a volume  |b nc  |2 rdacarrier 
490 1 |a Brown Judaic studies ;  |v no. 271 
500 |a "Studies in medieval Judaism." 
504 |a Includes bibliographical references (page 135) and indexes. 
600 0 0 |a Naḥmanides,  |d approximately 1195-approximately 1270. 
650 0 |a Judaism  |x History of doctrines. 
830 0 |a Brown Judaic studies ;  |v no. 271. 
999 |a MARS 
999 f f |s 4826ceb3-6068-3665-95b0-f7f4c18ac5f1  |i 809b2bf3-3991-3ac0-a52e-9a520ae26e02  |t 0 
952 f f |p normal  |a Texas A&M University  |b College Station  |c Sterling C. Evans Library  |d Evans: Library Stacks  |t 0  |e BM755.M62 N68 1992  |h Library of Congress classification  |i unmediated -- volume  |m A14817440145 
998 f f |a BM755.M62 N68 1992  |t 0  |l Evans: Library Stacks